| 000 | 00901nam a2200217Ia 4500 | ||
|---|---|---|---|
| 999 |
_c40521 _d40521 |
||
| 001 | 7132 | ||
| 003 | GE_BSU | ||
| 005 | 20230922111936.0 | ||
| 008 | 181216s2012||||ge |||||||||||||| ||geo|| | ||
| 020 | _a978994119460 | ||
| 040 | _cGE_BSU | ||
| 041 | _ageo | ||
| 080 | _a821.353.1-1 გ-85 | ||
| 100 |
_aგრიშაშვილი, იოსებ _96813 |
||
| 245 |
_aპოეზია : 1923-1960 წლები : _bტ.2 / _cიოსებ გრიშაშვილი ; სარედ. ჯგუფი : ზურაბ აბაშიძე, მანანა ჯანელიძე, ირმა ხარშილაძე. |
||
| 264 |
_aთბილისი : _bპალიტრა L, _c2012. |
||
| 300 |
_a336 გვ. : _bფოტო-პორტრეტი გარეკანზე, _c20 სმ. |
||
| 541 | _h8ლ. | ||
| 653 | _aპოეზია | ||
| 942 |
_cBK _2udc |
||